| 000 | 00360pab a2200145 454500 | ||
|---|---|---|---|
| 008 | 180718b1988 xxu||||| |||| 00| 0 eng d | ||
| 100 | _aForrest, Joshua B. | ||
| 245 | _aThe quest for state "Hardness" in Africa | ||
| 260 | _c1988 | ||
| 300 | _a379-422 | ||
| 362 | _aJul. | ||
| 650 | _aState, The - Africa | ||
| 773 | _aComparative Politics | ||
| 909 | _a18520 | ||
| 999 |
_c18520 _d18520 |
||